000 00601nam a2200229Ia 4500
003 OSt
005 20221006170035.0
006 a|||||r|||| 00| 0
007 ta
008 221006b |||||||| |||| 00| 0 eng d
024 _a1,712
037 _cTextual
040 _aFML
_cFML
_beng
041 _2eng
_aeng
082 _aR6,1, J7
100 _aMookherjee Radha Kumud Au.
245 0 _aNationalism in Hindu Century
260 _aDelhi
_bChand Publication
_c1957
300 _a104
_ccm.
942 _hR6,1, J7
_cTEXL
_2CC
999 _c1122808
_d1122808